|
|
|
|
| LEADER |
00000cam a22000004a 4500 |
| 001 |
musev2_4337 |
| 003 |
MdBmJHUP |
| 005 |
20230905040530.0 |
| 006 |
m o d |
| 007 |
cr||||||||nn|n |
| 008 |
061204s2007 mau o 00 0 eng d |
| 010 |
|
|
|z 2006100129
|
| 020 |
|
|
|a 9781613761076
|
| 020 |
|
|
|z 9781558495654
|
| 020 |
|
|
|z 1558495657
|
| 020 |
|
|
|z 1613761074
|
| 035 |
|
|
|a (OCoLC)652246453
|
| 040 |
|
|
|a MdBmJHUP
|c MdBmJHUP
|
| 043 |
|
|
|a n-us---
|
| 050 |
0 |
4 |
|a HV5825
|b .H46 2007
|
| 082 |
0 |
|
|a 616.86/320097309034
|2 22
|
| 100 |
1 |
|
|a Hickman, Timothy Alton.
|
| 245 |
1 |
4 |
|a The Secret Leprosy of Modern Days :
|b Narcotic Addiction and Cultural Crisis in the United States, 1870-1920 /
|c Timothy A. Hickman.
|
| 264 |
|
1 |
|a Amherst :
|b University of Massachusetts Press,
|c 2007.
|
| 264 |
|
3 |
|a Baltimore, Md. :
|b Project MUSE,
|c 2012
|
| 264 |
|
4 |
|c ©2007.
|
| 300 |
|
|
|a 1 online resource (208 pages):
|b ill. ;
|
| 336 |
|
|
|a text
|b txt
|2 rdacontent
|
| 337 |
|
|
|a computer
|b c
|2 rdamedia
|
| 338 |
|
|
|a online resource
|b cr
|2 rdacarrier
|
| 504 |
|
|
|a Includes bibliographical references (p. 155-178) and index.
|
| 505 |
0 |
|
|a Introduction : the modernity of addiction/the addiction of modernity -- Opium eating and political subjectivity before 1870 -- Narcotic addiction : "the secret leprosy of modern days" -- Subjects of desire : race, gender and the personification of addiction -- Legislating professional authority : the Harrison Narcotic Act of 1914 -- The saved and the damned : the medicolegal solution to the double meaning of addiction.
|
| 588 |
|
|
|a Description based on print version record.
|
| 650 |
|
0 |
|a Narcotic laws
|z United States
|x History.
|
| 650 |
|
0 |
|a Drug control
|z United States
|x History.
|
| 650 |
|
0 |
|a Drug addiction
|z United States
|x History.
|
| 655 |
|
7 |
|a Electronic books.
|2 local
|
| 710 |
2 |
|
|a Project Muse.
|e distributor
|
| 830 |
|
0 |
|a Book collections on Project MUSE.
|
| 856 |
4 |
0 |
|z Texto completo
|u https://projectmuse.uam.elogim.com/book/4337/
|
| 945 |
|
|
|a Project MUSE - Custom Collection
|
| 945 |
|
|
|a Project MUSE - Archive Complete Foundation
|
| 945 |
|
|
|a Project MUSE - Archive History Foundation
|